01660agaaa2200325 45000010005000000030009000050050017000140070009000310080040000400400023000800410013001031000058001161300033001742450155002072500022003622600130003843000033005145080090005475110034006375200075006715380016007465460013007626500082007757000070008577000072009277000064009999420012010639990019010759520240010949643IT-RoPAU20220918181250.0d cvaizq50131s9999||||xx ||| | || ||und|| aIT-RoPAUcIT-RoPAU aITALIANO aRafaiani SerafinogCodice regista SPICS: 39839948764 aGUSTO DELLA VITA (IL)948765 aGUSTO DELLA VITA (IL)cSceneggiatura: Rafaiani Serafino -- Diretto da: Rafaiani SerafinopGUSTO DELLA VITA (IL) (Rif. Codice opera principale : B9643) aEdizione Standard aASCOLI PICENO (ITALIA)bFRATI MINORI CAPPUCCINI / Distribuzione: ALL SERVICEg"1992 (1° ed.: 1992 ; Ed. Lingua Orig.: 1992)" aVHSbsonoro, col.c48 minuti a"Fotografia: Rossi Piero; Musica: Silvetti Paolo; Sceneggiatura: Rafaiani Serafino; " a"Marconi Francesco; Saverio." aINTERVISTA AI PADRI CAPPUCCINI DI ASCOLI PICENO. CONVENTO DI CAMERINO. aPAL, STEREO aITALIANO aDOCUMENTARIOeTV-PROGRAMMI RELIGIOSI [VHS]xCodice MATERIA SPICS: 9963936814 aRafaiani Serafino e(regista)gCodice regista SPICS: 39839948766 aRafaiani Serafino e(soggetto)gCodice Soggetto SPICS: 39839948767 aSilvetti Paoloe(musica)gCodice Musica SPICS: 39840948768 cVH2ddc c106791d106791 0010406B_9643_00000000000000071aSPICSbSPICSd2015-01-31l0oB9643r2015-01-31 00:00:00w2015-01-31yVHzProgr. Ins.: 281 / N.Vol.:1 / Copie: 1 / Pag.:0 / Copia rara: n.d. / date import: 1.2.2015 / By Epidotti, Trombetti, Vaglietti